000 00649nam a22001937a 4500
005 20251230103647.0
008 251230b |||||||| |||| 00| 0 eng d
037 _cTB
040 _aAL
_cAL
041 _2pun
_apun
084 _qAL
100 _aਕੌਰ, ਪ੍ਰੀਤਮ
_9860255
245 _aਆਦਿ ਗ੍ਰੰਥ ਦੀਆਂ ਵਾਰਾਂ ਦਾ ਸੰਚਾਰ ਸਿਧਾਂਤ
260 _aਅੰਮ੍ਰਿਤਸਰ, ਭਾਰਤ:
_bਵਾਰਿਸਸ਼ਾਹ,
_c1990.
300 _a130 ਪ.
365 _b65.00
_cINR
942 _2CC
_cTB
_n0
999 _c1466599
_d1466599